MARC details
| 000 -LÍDER |
| campo de controle de tamanho fixo |
03541nam a22003257a 4500 |
| 001 - NÚMERO DE CONTROLE |
| campo de controle |
288 |
| 003 - IDENTIFICADOR DO NÚMERO DE CONTROLE |
| campo de controle |
OSt |
| 005 - DATA E HORÁRIO DA ÚLTIMA TRANSAÇÃO |
| campo de controle |
20250528074017.0 |
| 008 - CAMPO DE DADOS FIXOS--INFORMAÇÃO GERAL |
| campo de controle de tamanho fixo |
250317b |||||||e |||| 00| 1 eng d |
| 040 ## - FONTE DA CATALOGAÇÃO |
| Idioma da catalogação |
por |
| 041 ## - CÓDIGO DE IDIOMA |
| Código do idioma do original e/ou traduções intermediárias do texto |
eng |
| Código do idioma do texto/trilha sonora ou título diferente |
por |
| 082 ## - CDD - CLASSIFICAÇÃO DECIMAL DE DEWEY |
| Número de Classificação |
823 |
| Número do exemplar |
B869m |
| 100 1# - ENTRADA PRINCIPAL--NOME PESSOAL |
| Nome pessoal |
Brontë, Emily, |
| Datas associadas ao nome |
1818-1848 |
| 9 (RLIN) |
177 |
| 240 ## - TÍTULO UNIFORME |
| Título uniforme |
Wuthering Heights |
| 245 ## - TÍTULO |
| Título |
O morro dos ventos uivantes / |
| Indicação de responsabilidade, etc. |
Brontë, Emily ; Tradução de Marcia Heloisa e Ilustração de Luciana Vasconcelos |
| 260 ## - PUBLICAÇÃO, DISTRIBUIÇÃO, ETC. |
| Local de publicação, distribuição, etc. |
Rio de Janeiro |
| Nome do editor, distribuidor, etc. |
DarkSide |
| Data da publicação, distribuição, etc. |
2021 |
| 300 ## - DESCRIÇÃO FÍSICA |
| Extensão |
410 p. |
| Outros detalhes físicos |
il. |
| 520 ## - NOTA DE RESUMO, ETC. |
| Resumo, etc. |
Turbulência, impetuosidade e misticismo. Originalmente publicado em 1847, O Morro dos Ventos Uivantes, de Emily Brontë, combina paixão e trevas de maneira surpreendente ― emoções que os leitores apaixonados pela DarkLove, marca da DarkSide® Books que revela as novas vozes femininas da literatura, conhecem bem.<br/><br/>Um dos grandes romances das irmãs Brontë, este clássico que apresenta uma história fantasmagórica de obsessão, vingança e paixões intensas ganha agora uma edição limitada com uma nova capa. Na trama, o órfão Heathcliff é acolhido ainda criança pela família Earnshaw e apaixona-se pela pequena Catherine. O afeto, embora correspondido, transforma-se num amor impossível. Tal vínculo devastador é envolto por uma atmosfera sombria e um teor dramático e audaz que consolidaram Emily Brontë como uma das rainhas da literatura inglesa.<br/><br/>Publicado sob o pseudônimo Ellis Bell, O Morro dos Ventos Uivantes não foi bem recebido pela crítica; sua atmosfera lúgubre e estrutura inovadora chocaram a sociedade da época, e os temas impactantes eram sensíveis à moral vitoriana. Por muito tempo pensou-se que o livro havia sido escrito por um homem, até que, em 1850, passou a ser publicado com o nome verdadeiro da autora.<br/><br/>História vertiginosa, O Morro dos Ventos Uivantes cativa pela complexidade de seus personagens. Todos são humanos e passionais, e tão fascinantes que ultrapassaram as barreiras do tempo e permanecem na memória de leitores em todo o mundo. Único romance escrito por Emily Brontë, esta obra-prima concentra toda a perspicácia, imaginação e autenticidade da autora em uma narrativa hipnotizante.<br/><br/>A edição limitada traz uma capa nova, mas mantem o conteúdo que já apaixonou muitos darksiders: as ilustrações de Luciana Vasconcelos, a tradução de Marcia Heloisa e uma seleção de extras para aprofundar ainda mais a experiência da leitura: introdução DarkSide, dois prefácios de Charlotte Brontë, trechos biográficos de Emily assinados por Elizabeth Gaskell, um ensaio que Emily escreveu em francês, linha do tempo, resenhas da época e uma mini biografia poética da autora.<br/><br/><br/><br/>DarkLove Classics<br/><br/>DarkLove Classics é uma marca que reúne histórias inovadoras escritas por mulheres à frente de seu tempo: vozes do passado que abriram caminho para autoras no presente. Os títulos mais amados da literatura clássica agora têm lugar reservado na DarkSide® Books, em uma homenagem aos corações românticos e valentes que nos trouxeram até aqui. A força da escrita feminina, onde tudo começou. Mulheres eternas, clássicas e imortais. |
| 650 #0 - ASSUNTO--TERMO TÓPICO |
| Cabeçalho tópico ou nome geográfico |
Literatura Inglesa |
| 9 (RLIN) |
89 |
| 650 #0 - ASSUNTO--TERMO TÓPICO |
| Cabeçalho tópico ou nome geográfico |
Mistério |
| 9 (RLIN) |
42 |
| 650 #0 - ASSUNTO--TERMO TÓPICO |
| Cabeçalho tópico ou nome geográfico |
Sombrio |
| 9 (RLIN) |
178 |
| 650 #0 - ASSUNTO--TERMO TÓPICO |
| Cabeçalho tópico ou nome geográfico |
Psicológico |
| 9 (RLIN) |
85 |
| 650 #0 - ASSUNTO--TERMO TÓPICO |
| Cabeçalho tópico ou nome geográfico |
Clássicos |
| 9 (RLIN) |
77 |
| 650 #0 - ASSUNTO--TERMO TÓPICO |
| Cabeçalho tópico ou nome geográfico |
Filme |
| 9 (RLIN) |
26 |
| 655 #0 - TERMO DE ÍNDICE--GÊNERO E FORMA |
| Gênero/forma/ou termo foco |
Romance |
| 655 #0 - TERMO DE ÍNDICE--GÊNERO E FORMA |
| Gênero/forma/ou termo foco |
Ficção |
| 700 ## - ENTRADA ADICIONADA - NOME PESSOAL |
| Nome pessoal |
Marcia Heloisa |
| Função do autor por extenso |
Tradução |
| 9 (RLIN) |
541 |
| 700 ## - ENTRADA ADICIONADA - NOME PESSOAL |
| Nome pessoal |
Luciana Vasconcelos |
| Função do autor por extenso |
Ilustração |
| 9 (RLIN) |
542 |
| 942 ## - ELEMENTOS DE ENTRADA ADICIONADOS (KOHA) |
| Fonte de classificação ou esquema de arquivamento |
Classificação decimal de Dewey |
| Ocultar no OPAC |
Não |
| Tipo de material Koha |
Livros |